Richest Nations in 2075 - Statistics

General Stats
  • This quiz has been taken 21 times
  • The average score is 19 of 25
Answer Stats
GDP (2075) Per-Capita GDP (2075) Country % Correct
$57 Trillion $61,000 China
100%
$6.9 Trillion $53,700 Russia
100%
$7.6 Trillion $99,900 United Kingdom
100%
$8.1 Trillion $111,200 Germany
94%
$52.5 Trillion $31,400 India
94%
$3.8 Trillion $91,300 Italy
94%
$51.5 Trillion $127,800 United States
94%
$8.7 Trillion $44,600 Brazil
88%
$5.2 Trillion $104,700 Canada
88%
$6.5 Trillion $95,800 France
88%
$7.5 Trillion $85,900 Japan
88%
$7.6 Trillion $52,000 Mexico
88%
$3.3 Trillion $37,400 South Africa
76%
$4.3 Trillion $114,200 Australia
71%
$13.7 Trillion $43,100 Indonesia
71%
$6.1 Trillion $102,100 Saudi Arabia
71%
$3.4 Trillion $106,300 South Korea
71%
$5.2 Trillion $63,700 Türkiye
71%
$13.1 Trillion $29,300 Nigeria
65%
$10.4 Trillion $54,600 Egypt
59%
$12.3 Trillion $27,500 Pakistan
59%
$6.3 Trillion $27,900 Bangladesh
47%
$3.5 Trillion $75,500 Malaysia
47%
$6.6 Trillion $50,300 Philippines
47%
$6.2 Trillion $20,100 Ethiopia
41%
No matching quizzes found
Score Distribution
Percent of People with Each Score
Percentile by Number Answered
Your Score History
You have not taken this quiz